000 00617nam a2200241Ia 4500
003 OSt
005 20221005122118.0
006 a|||||r|||| 00| 0
007 ta
008 221004b |||||||| |||| 00| 0 eng d
024 _a52480
037 _cTextual
040 _aCRL
_cCRL
_beng
041 _2eng
_aeng
082 _aQ6:6, J1
100 _aPacaut Marcel
_9631502
245 0 _aInstitutions religieuses
260 _c1951
490 _a(Que sais- ji?Le point des connaissances actuelles,).
650 _aRELIGION
942 _hQ6:6, J1
_cTEXL
_2cc
999 _c1043288
_d1043288